01122nam0a2200253 4500001001900000005001700019010001800036035002600054100004100080101001300121102000700134105001800141200014000159210011300299215003300412300004700445320003100492510004600523606011300569686003400682700010200716801002800818801002200846RU\NLR\bibl\26415920260405125258.0 a5-900261-89-1 a(NLR Aleph) 000259774 a20020518d2000 |||y0rusy50 ca0 arusaeng aRU aa |||||||||1 aКамчатка - страна чудесdThe wonder land of Kamchatkae[Учеб.-метод. сб.]fАртеменко С.И.zeng aПетропавловск-КамчатскийcИзд-во Камчат. гос. пед. ин-таd2000 a71 с.cил., карт.d21 aТекст на рус. и англ. яз. aБиблиогр. : с. 691 6z17790aThe wonder land of Kamchatkazrus0 aАнглийский языкjУчебно-методические пособия3RU\NLR\auth\6646032 aШ143.21-93рус32bД890(2) 140708rus7caaАртеменкоbС. И.gСветлана Ивановна3RU\NLR\auth\7750616 0aRUbNLRc20020518gPSBO 1aRUbNLRc20020518